<?xml version="1.0" encoding="UTF-8"?>
<record
    xmlns:xsi="http://www.w3.org/2001/XMLSchema-instance"
    xsi:schemaLocation="http://www.loc.gov/MARC21/slim http://www.loc.gov/standards/marcxml/schema/MARC21slim.xsd"
    xmlns="http://www.loc.gov/MARC21/slim">

  <leader>03991nam a2200373 a 4500</leader>
  <controlfield tag="003">OSt</controlfield>
  <controlfield tag="005">20250703122139.0</controlfield>
  <controlfield tag="007">cr ||||||a|c|a</controlfield>
  <controlfield tag="008">240808s2023    mx a|||fom||| 001 0 s  |d</controlfield>
  <datafield tag="040" ind1=" " ind2=" ">
    <subfield code="e">rda</subfield>
  </datafield>
  <datafield tag="100" ind1="1" ind2=" ">
    <subfield code="a">Ch&#xE1;vez Rodr&#xED;guez, Lizbeth Anah&#xED;</subfield>
    <subfield code="9">189388</subfield>
  </datafield>
  <datafield tag="245" ind1="1" ind2="0">
    <subfield code="a">Evaluaci&#xF3;n de un sistema multiespecie con base de ma&#xED;z, dos leguminosas y una gram&#xED;nea  forrajera , en condiciones de riego en Tzucacab, Yucat&#xE1;n /</subfield>
    <subfield code="c">por Lizbeth Anah&#xED; Ch&#xE1;vez Rodr&#xED;guez y Oliver Jairo Ju&#xE1;rez Beltr&#xE1;n; director de tesis Jorge Luis Castrellon Montelongo; secretario Mario Alberto Santiago Ortega; vocal Bartolo de Jes&#xFA;s Villar Hern&#xE1;ndez; suplente Joel Ventura R&#xED;os; suplente Citlali Anais Castro Jaime.</subfield>
  </datafield>
  <datafield tag="264" ind1=" " ind2="1">
    <subfield code="a">Chapingo, M&#xE9;xico :</subfield>
    <subfield code="b">El autor,</subfield>
    <subfield code="c">2023.</subfield>
  </datafield>
  <datafield tag="300" ind1=" " ind2=" ">
    <subfield code="a">1 recurso en l&#xED;nea (89  p&#xE1;ginas):</subfield>
    <subfield code="b">cuadros, figuras.</subfield>
  </datafield>
  <datafield tag="336" ind1=" " ind2=" ">
    <subfield code="2">rdacontent</subfield>
    <subfield code="a">texto</subfield>
    <subfield code="b">txt</subfield>
  </datafield>
  <datafield tag="337" ind1=" " ind2=" ">
    <subfield code="2">rdamedia</subfield>
    <subfield code="a">computadora</subfield>
    <subfield code="b">c</subfield>
  </datafield>
  <datafield tag="338" ind1=" " ind2=" ">
    <subfield code="2">rdacarrier</subfield>
    <subfield code="a">recurso en l&#xED;nea</subfield>
    <subfield code="b">cr</subfield>
  </datafield>
  <datafield tag="502" ind1=" " ind2=" ">
    <subfield code="b">IAEZ</subfield>
    <subfield code="c">Zootecn&#xED;a</subfield>
    <subfield code="d">2023.</subfield>
    <subfield code="g">LIC</subfield>
  </datafield>
  <datafield tag="504" ind1=" " ind2=" ">
    <subfield code="a">Incluye referencias bibliogr&#xE1;ficas: p&#xE1;ginas 70-85.</subfield>
  </datafield>
  <datafield tag="520" ind1=" " ind2=" ">
    <subfield code="a">El objetivo de este trabajo fue evaluar el rendimiento de forraje de asociaciones de dos leguminosas y una gram&#xED;nea con un cultivo de ma&#xED;z sembrado a diferentes distancias entre surcos en condiciones de riego en Tzucacab, Yucat&#xE1;n. Los
tratamientos fueron: tratamiento 1: ma&#xED;z (h&#xED;brido VS536) + clitoria var. Tehuana + pasto mavuno en V5; distancia entre surcos de 80 cm. Tratamiento 2: ma&#xED;z (h&#xED;brido VS536) + pasto mavuno en V5 + canavalia en V5; distancia entre surcos de 80 cm. Tratamiento 3: ma&#xED;z (h&#xED;brido VS536) + clitoria var. Tehuana + pasto mavuno en V5; distancia entre surcos de 60 cm. Tratamiento 4: ma&#xED;z (h&#xED;brido VS536) + pasto mavuno en V5 + canavalia en V5; distancia entre surcos de 60 cm. Testigo: Solo ma&#xED;z (h&#xED;brido VS536); distancia entre surcos de 80 cm. El muestreo se realiz&#xF3; cada quince d&#xED;as, evaluando altura, n&#xFA;mero de hojas y longitud de la gu&#xED;a en las leguminosas. Los datos se analizaron con el programa R con un modelo lineal tipo GAMLSS. La distancia entre surcos a 80 cm fue diferente (P&lt;0.05) para la asociaci&#xF3;n de clitoria en la altura y longitud de gu&#xED;a. El n&#xFA;mero de hojas y altura en el cultivo de ma&#xED;z mostr&#xF3; diferencia (P&lt;0.05) entre tratamientos. El pasto mavuno mostr&#xF3; diferencia estad&#xED;stica (P&lt;0.05) en la variable altura. La planta de canavalia no mostr&#xF3; diferencia (P&gt;0.05) entre tratamientos para todas las variables evaluadas. El rendimiento de forraje fue mayor en los tratamientos cuya distancia entre surcos de ma&#xED;z era de 60 cm debido a una mayor densidad de poblaci&#xF3;n, aunque el peso seco final de estas plantas fue menor comparado con las de 80 cm entre surcos. Se concluye que la distancia entre surcos de ma&#xED;z de los tratamientos modific&#xF3; la producci&#xF3;n de materia seca de las especies vegetales asociadas durante su desarrollo y crecimiento. Continuar con el empleo de asociaciones entre gram&#xED;neas y leguminosas permitir&#xE1; avanzar en el estudio con miras a la creaci&#xF3;n de una estrategia que permita el aprovechamiento y completo desarrollo de acuerdo con el potencial gen&#xE9;tico de los cultivos.
</subfield>
  </datafield>
  <datafield tag="650" ind1=" " ind2="4">
    <subfield code="a">Forrajes</subfield>
    <subfield code="x">Rendimiento</subfield>
    <subfield code="9">42593</subfield>
  </datafield>
  <datafield tag="650" ind1=" " ind2="4">
    <subfield code="a">Gram&#xED;neas forrajeras</subfield>
    <subfield code="9">139552</subfield>
  </datafield>
  <datafield tag="650" ind1=" " ind2="4">
    <subfield code="a">Leguminosas forrajeras</subfield>
    <subfield code="9">65868</subfield>
  </datafield>
  <datafield tag="650" ind1=" " ind2="4">
    <subfield code="a">Materia seca</subfield>
    <subfield code="9">72933</subfield>
  </datafield>
  <datafield tag="650" ind1=" " ind2="4">
    <subfield code="a">Cultivos asociados</subfield>
    <subfield code="x">Rendimiento</subfield>
    <subfield code="9">185443</subfield>
  </datafield>
  <datafield tag="700" ind1="1" ind2=" ">
    <subfield code="a">Ju&#xE1;rez Beltr&#xE1;n, Oliver Jairo</subfield>
    <subfield code="9">189389</subfield>
  </datafield>
  <datafield tag="700" ind1="0" ind2=" ">
    <subfield code="a">Castrell&#xF3;n Montelongo, Jorge Luis</subfield>
    <subfield code="e">Director de tesis.</subfield>
    <subfield code="9">20309</subfield>
  </datafield>
  <datafield tag="700" ind1="1" ind2=" ">
    <subfield code="a">Santiago Ortega, Mario Alberto</subfield>
    <subfield code="9">102377</subfield>
    <subfield code="e">Secretario.</subfield>
  </datafield>
  <datafield tag="700" ind1="1" ind2=" ">
    <subfield code="a">Villar Hern&#xE1;ndez, Bartolo de Jes&#xFA;s</subfield>
    <subfield code="9">119536</subfield>
    <subfield code="e">Vocal.</subfield>
  </datafield>
  <datafield tag="700" ind1="1" ind2=" ">
    <subfield code="a">Ventura Rios, Joel</subfield>
    <subfield code="9">118748</subfield>
    <subfield code="e">Suplente.</subfield>
  </datafield>
  <datafield tag="700" ind1="1" ind2=" ">
    <subfield code="a">Castro Jaime, Citlali Anais</subfield>
    <subfield code="9">188843</subfield>
    <subfield code="e">Suplente.</subfield>
  </datafield>
  <datafield tag="856" ind1=" " ind2=" ">
    <subfield code="u">http://10.13.5.2/tesis/tl/1510414-5_Y_1511258-6_CHAVEZ_RODRIGUEZ_LIZBETHANAHI_Y_JUAREZ_BELTRAN_OLIVERJAIRO.pdf</subfield>
    <subfield code="z">DESCARGAR PDF</subfield>
  </datafield>
  <datafield tag="942" ind1=" " ind2=" ">
    <subfield code="2">Clasificaci&#xF3;n Universidad Aut&#xF3;noma Chapingo</subfield>
    <subfield code="c">TD</subfield>
  </datafield>
  <datafield tag="999" ind1=" " ind2=" ">
    <subfield code="c">220066</subfield>
    <subfield code="d">220066</subfield>
  </datafield>
  <datafield tag="952" ind1=" " ind2=" ">
    <subfield code="0">0</subfield>
    <subfield code="1">0</subfield>
    <subfield code="2">local</subfield>
    <subfield code="4">0</subfield>
    <subfield code="5">1</subfield>
    <subfield code="7">0</subfield>
    <subfield code="8">TesDigL</subfield>
    <subfield code="a">BD</subfield>
    <subfield code="b">BD</subfield>
    <subfield code="c">E_L</subfield>
    <subfield code="d">2024-08-08</subfield>
    <subfield code="l">0</subfield>
    <subfield code="o">Tesis digital</subfield>
    <subfield code="r">2024-08-08 13:21:54</subfield>
    <subfield code="w">2024-08-08</subfield>
    <subfield code="y">TD</subfield>
  </datafield>
</record>
